Seaweeds: and their use

Guardat en:
Dades bibliogràfiques
Autor principal: Chapman, V. J (Autor)
Format: Llibre
Idioma:anglès
Publicat: Londres Methuen 1950
Matèries:
Etiquetes: Afegir etiqueta
Sense etiquetes, Sigues el primer a etiquetar aquest registre!

MARC

LEADER 00000nam a2200000 a 4500
001 UCY2828
003 CL-VaPUC
008 941123e19500000UK |||||||||||||||||eng|d
082 0 4 |a 589.3  |b CHA  |2 21 
100 0 |a Chapman, V. J  |e author  |9 330965 
245 1 0 |a Seaweeds: and their use 
300 |a 287 p 
942 |c BK 
945 |d 19941123 00:00:00  |a mfernand 
260 |a Londres  |b Methuen  |c 1950 
650 0 |a Algas marinas  |9 261775 
583 |a last modification  |c 19941123 00:00:00  |k Rodrigo Vera 
999 |c 231132  |d 231130 
952 |0 0  |1 0  |2 ddc  |4 0  |6 589_300000000000000_CHA_1950  |7 0  |8 CCM  |9 233972  |a BIBCUR  |b BIBCUR  |c PAC  |d 2019-11-15  |i 3032620  |o 589.3 CHA 1950  |p 3032620  |r 2025-04-22  |w 2019-11-15  |y BK  |k CIM